Me identifico como persona Grado Transición
Guardat en:
| Autor corporatiu: | |
|---|---|
| Altres autors: | , , , |
| Format: | Llibre |
| Idioma: | Spanish |
| Publicat: |
Bogotá (Colombia):
Instituto para la Investigación Educativo y el Desarrollo Pedagógico -IDEP,
2007
|
| Col·lecció: | Cátedra Chilena
1 |
| Matèries: | |
| Accés en línia: | Para acceder al PDF haga clic aquí |
| Etiquetes: |
Afegir etiqueta
Sense etiquetes, Sigues el primer a etiquetar aquest registre!
|
MARC
| LEADER | 00000nam a22000007a 4500 | ||
|---|---|---|---|
| 003 | OSt | ||
| 005 | 20181012093330.0 | ||
| 008 | 170824b2007 ck ||||| |||| 00| 0 spa d | ||
| 999 | |c 5353 |d 5353 | ||
| 040 | |c CNA-IDEP | ||
| 082 | |a 370.983 |b C653 | ||
| 110 | |a Colegio Nuevo Chile I.E.D. |9 3905 | ||
| 245 | 1 | 3 | |a Me identifico como persona |b Grado Transición |c Elzy Mazeneth, Belkis Gómez. Zoraida Tovar ... [et al] |
| 260 | |a Bogotá (Colombia): |b Instituto para la Investigación Educativo y el Desarrollo Pedagógico -IDEP, |c 2007 | ||
| 300 | |a 12 v. |b Ilustraciones | ||
| 490 | |a Cátedra Chilena |v 1 | ||
| 505 | |a Taller1. Escuchar y seer escuchado. Taller 2. Qué me identifica como persona Taller 3. Mira lo que te rodea. | ||
| 650 | |a Educación |9 991 | ||
| 650 | |a Pedagogía |9 93 | ||
| 650 | |a Personal Docente |9 1237 | ||
| 650 | |a Socialización |9 3937 | ||
| 650 | |a Convivencia |9 2245 | ||
| 650 | |a Protección del Medio Ambiente |x Experiencia |9 3938 | ||
| 700 | |a Fanny Hernández |9 3912 | ||
| 700 | |a Beatriz Rodríguez |9 3913 | ||
| 700 | |a Pedro Baquero |e Asesores |9 3933 | ||
| 700 | |a Nelida Nieves |e Asesores |9 3934 | ||
| 856 | |u http://biblioteca.idep.edu.co/libros/Catedra_Chilena _Cartilla_1.pdf |y Para acceder al PDF haga clic aquí | ||
| 942 | |2 ddc |c BK | ||